Day, Good, Love or Time TV Shows Quiz Stats

 Plays Quiz Updated Aug 30, 2019

Score 0/32 Timer 05:00
9 Plays Today
Question Answer Wrong Answers
The ____ Wife (2009 - 2016)
Julianna Margulies, Chris Noth
Good
95.9%
Day
0.2%
Love
0.1%
Time
0.1%
Queen for a ____ (1956 - 1964)
Jack Bailey, Gene Baker
Day
95.7%
Good
0.2%
Love
0.3%
Time
0.3%
One ____ at a Time (1975 - 1984)
Valerie Bertinelli, Bonnie Franklin
Day
95.6%
Good
0.2%
Love
0.5%
Time
0.4%
The ____ Guys (1968 - 1970)
Bob Denver, Herb Edelman
Good
95.6%
Day
0.2%
Love
0.4%
Time
0.2%
____ Times (1974 - 1979)
Esther Rolle, Jimmie Walker
Good
95.5%
Day
0.5%
Love
0.2%
Time
0.1%
Once Upon a ____ (2011 - 2018)
Ginnifer Goodwin, Jennifer Morrison
Time
95.5%
Day
0.7%
Good
0.1%
Love
0.2%
24: Live Another ____ (2014)
Kiefer Sutherland, Yvonne Strahovski
Day
95.4%
Good
0.1%
Love
0.2%
Time
0.6%
The ____ Boat (1977 - 1987)
Gavin MacLeod, Bernie Kopell
Love
95.1%
Day
0.3%
Good
0.7%
Time
0.4%
Happy ____ (1974 - 1984)
Ron Howard, Henry Winkler
Days
94.6%
Goods
0.1%
Loves
0.1%
Times
1.8%
The ____ Place (2016 - present)
Kristen Bell, Ted Danson
Good
94.4%
Day
0.5%
Love
1.2%
Time
0.3%
The Doris ____ Show (1968 - 1973)
Doris ____, Philip Brown
Day
93.9%
Good
0.8%
Love
1.7%
Time
0.3%
Adventure ____ (2010 - 2018)
(animated) Jeremy Shada, John DiMaggio
Time
92.6%
Day
3%
Good
0.2%
Love
0.5%
The ____ Fight (2017 - present)
Christine Baranski, Rose Leslie
Good
92.1%
Day
1.2%
Love
1.9%
Time
1.1%
____ of Our Lives (1965 - present)
Frances Reid, John Clarke
Days
91.5%
Goods
0.2%
Loves
0.3%
Times
4.6%
____, American Style (1969 - 1974)
Stuart Margolin, Barbara Minkus
Love
91.2%
Day
0.4%
Good
3.4%
Time
1.3%
As ____ Goes By (1992 - 2005)
Judi Dench, Geoffrey Palmer
Time
89.3%
Day
2.2%
Good
1.7%
Love
3.4%
____ Eats (1999 - 2012)
Alton Brown, Brett Soll
Good
88.4%
Day
0.6%
Love
5.6%
Time
1.7%
Flavor of ____ (2006 - 2008)
Flavor Flav, Ricky B. Head
Love
87.6%
Day
4.7%
Good
0.4%
Time
3.8%
____ Connection (1983 - 1998)
Chuck Woolery, Gene Wood
Love
87.2%
Day
0.4%
Good
7.4%
Time
1.3%
Hang ____ (1995 - 2000)
Daniella Deutscher, Megan Parlen
Time
86.9%
Day
2.2%
Good
5.3%
Love
1.9%
The Life and ____ of Grizzly Adams (1977 - 1978)
Dan Haggerty, Denver Pyle
Times
85.8%
Days
3.4%
Goods
0.2%
Loves
6.9%
Real ____ with Bill Maher (2003 - present)
Bill Maher, Arianna Huffington
Time
85.4%
Day
1.1%
Good
2%
Love
8%
The ____ Cop (2018)
Josh Groban, Tony Danza
Good
83.6%
Day
0.6%
Love
1.5%
Time
10.7%
It's About ____ (1966 - 1967)
Frank Aletter, Joe E. Ross
Time
83.1%
Day
0.2%
Good
0.2%
Love
12.9%
Anything but ____ (1989 - 1992)
Jamie Lee Curtis, Richard Lewis
Love
82.8%
Day
0.3%
Good
6.8%
Time
6.7%
The ____ Doctor (2017 - present)
Freddie Highmore, Nicholas Gonzalez
Good
82.4%
Day
0.2%
Love
13.3%
Time
0.6%
The Many ____ of Dobie Gillis (1959 - 1963)
Dwayne Hickman, Bob Denver
Loves
82.2%
Days
9.5%
Goods
0.5%
Times
4.2%
Any ____ Now (1998 - 2002)
Annie Potts, Lorraine Toussaint
Day
78.2%
Good
0.2%
Love
0.2%
Time
17.9%
Death Valley ____ (1952 - 1970)
Ronald Reagan, Robert Taylor
Days
74%
Goods
1.1%
Loves
1.2%
Times
19.9%
Big ____ (2006 - 2011)
Bill Paxton, Jeanne Tripplehorn
Love
67.9%
Day
6.7%
Good
0.3%
Time
21.4%
Get Christie ____! (1974 - 1975)
Teresa Graves, Charles Cioffi
Love
55.6%
Day
17.1%
Good
20.1%
Time
3.4%
The ____ Tunnel (1966 - 1967)
James Darren, Robert Colbert
Time
41.1%
Day
0.4%
Good
1%
Love
54.1%

You're not logged in!

Compare scores with friends on all Sporcle quizzes.
OR
Log In

Sporcle TV

Today on Sporcle TV


Watch our educational content, quiz creation guides, and fun videos on Sporcle TV.

Show Comments

Extras

Top Quizzes Today


Score Distribution

Your Account Isn't Verified!

In order to create a playlist on Sporcle, you need to verify the email address you used during registration. Go to your Sporcle Settings to finish the process.

Report this User

Report this user for behavior that violates our Community Guidelines.

Details: